000 00323nam a2200097Ia 4500
082 _a304.2|GREE
245 0 _aContested ecologies : dialogues in the south on nature and knowledge
100 _a Green, Lesley, , 1967- Cape Town , South Africa, 2013
_969046
942 _cBK
008 210817s9999 xx 000 0 und d
999 _c223088
_d223087